00527nam a22001457a 4500003000500000038001800005082000800023100002600031245013300057264003300190300002500223650003600248700004000284856005700324NUST aNusrat Nadeem a200 aSHEIKH, SHAFFAA AHSAN aEXPLORING THE DISCOURSE OF CLIMATE CHANGE LITIGATION CHALLENGES FOR GLOBAL SOUTH CASE STUDY OF PAKISTAN/cSHAFFAA AHSAN SHEIKH,  aIslamabad,c2023.bS3H NUST; aill:b135,p:c30,cm. aMS-Government and Public Policy aSUPERVISOR: DR. SYED RIFAAT HUSSAIN uhttp://10.250.8.41:8080/xmlui/handle/123456789/39111